| 000 | 00802nam a22002057a 4500 | ||
|---|---|---|---|
| 999 |
_c13253 _d13253 |
||
| 003 | AR-CdUCM | ||
| 008 | 190411b ||||| |||| 00| 0 spa d | ||
| 040 |
_aMUNICIPALIDAD PROVINCIAL DEL CUSCO _cBIBLIOTECA MUNICIPAL DEL CUSCO |
||
| 082 |
_aC / 345.73 / _bB23 |
||
| 100 |
_aBarrionuevo, Roberto _93424 |
||
| 245 | _aComentarios sobre administración de justicia / | ||
| 260 |
_aCuzco : _bEl comercio, _c1959. |
||
| 300 |
_a105 páginas ; _c21 cm. |
||
| 505 | _aContenido: Abigeato -- Anteproyecto de ley especial represora del abigeato -- Situación privilegiada del instructor -- Inauguración del tercer tribunal correccional ... | ||
| 650 |
_a Administración de justicia _931563 |
||
| 650 |
_aJusticia _97448 |
||
| 650 |
_aLegislación _92962 |
||
| 942 |
_2ddc _cLIBROS |
||
| 945 |
_aacv _d2019-04-11 |
||